| 000 | 005790000a22001810004500 | ||
|---|---|---|---|
| 003 | MACL | ||
| 005 | 20160519113146.0 | ||
| 008 | 160519b xxu||||| |||| 00| 0 eng d | ||
| 040 |
_aMACL _cMACL |
||
| 041 | _aHindi | ||
| 082 | _a891.433 | ||
| 100 |
_aराकेश, अनीता _958099 |
||
| 245 |
_aचन्द्र सतरें और तथा कहानियॉ _cअनीता राकेश |
||
| 260 |
_bराधाकृष्ण _c1993 _aदिल्ली |
||
| 350 | _a125 | ||
| 650 |
_aStories _958100 |
||
| 942 |
_cHIN _k891.433/RAK/S _2ddc |
||
| 999 |
_c20677 _d20677 |
||